Представление документа в формате RUSMARC

ПолеНазваниеЗначение
  Тип записи a
  Библиографический уровень a
001 Контрольный номер RU/CBS_UL/BASE/565783687
005 Дата корректировки 20240209175219.2
100 Данные общей обработки __
a Данные общей обработки 20171205d2017 ||| 0rusy0189 ca
101 Язык документа 0_
a Язык текста rus
102 Страна публикации __
a Страна публикации RU
105 Кодированные данные (монография) __
a Кодированные данные (монография) y###||||000|y
200 Заглавие и сведения об ответственности 1_
a Заглавие История стенных висячих часов
b Общее обозначение материала Текст
e Сведения, относящиеся к заглавию [краткий исторический очерк начала XX века в обработке редакции ; имя автора не установлено]
300 Общие примечания __
a Общие примечания Ограничения по возрасту - 6+
461 Уровень набора _0
1 2000
a Детское чтение для сердца и разума
463 Уровень физической единицы _0
1 001RU/CBS_UL/BASE/565778496
1 2000
a № 11
v С. 39
1 210
d 2017
600 Персоналии _0
a Персоналии (Фамилия) Гюйгенс
b Персоналии (Имя, инициалы) Х.
600 Персоналии _0
a Персоналии (Фамилия) Галилей
b Персоналии (Имя, инициалы) Г.
606 Тематические рубрики 0_
a Основная рубрика Часы - История
610 Ключевые слова 0_
a Ключевые слова часовое дело
610 Ключевые слова 0_
a Ключевые слова часы
610 Ключевые слова 0_
a Ключевые слова история часов
610 Ключевые слова 0_
a Ключевые слова стенные часы
610 Ключевые слова 0_
a Ключевые слова висячие часы
610 Ключевые слова 0_
a Ключевые слова стенные висячие часы
686 Индексы других классификаций __
a Классификационный индекс 30.1
2 Код системы ББК
801 Источник записи _0
a Страна RU
b Организация МБУК ЦБС г. Ульяновска
c Дата составления 20171205
g Правила каталогизации RCR
801 Источник записи _1
a Страна RU
b Организация МБУК ЦБС г. Ульяновска
c Дата составления 20171205
g Правила каталогизации RCR
901 Тип документа __
t Тип документа b
w Контрольный № источника RU/CBS_UL/BASE/565778496
910 Корректоры записи __
a Корректор записи Сидоркина
938 Служебная информация __
a Имя БД period